000 00608nam a22002057a 4500
999 _c3272
_d3272
003 OSt
005 20231110085938.0
008 231110b ||||| |||| 00| 0 eng d
020 _a9789673820764
040 _cKH8
082 _a400 AHM
100 _aAhmad Zaid,
_eauthor.
245 _aMahsuri Berdarah Putih /
_cAhmad Zaid.
260 _aKuala Lumpur ;
_bBrainmaz Enterprise,
_c2014.
300 _a32 pages :
_bcolor illustrations ;
_c19 cm x 26 cm.
440 _aSiri bacaan lagenda gemilang
630 _lHistory story book
_vMalay language
830 _aSiri bacaan lagenda gemilang
942 _2ddc
_cTR